|
书名:
|
生物趣闻
|
|
|
作者:
|
詹惠民
编
|
|
出版信息:
|
重庆
西南师范大学出版社
1988.01
|
|
开本页数:
|
19cm 
184页
|
|
丛书名:
|
|
|
单 册:
|
|
|
中图分类:
|
Q95
|
|
科图分类:
|
|
|
主题词:
|
动物学
|
|
电子资源:
|
|
|
ISBN:
|
7-5621-0104-3
|
|
000
|
00551nam0 2200205 450
|
|
001
|
0635088452
|
|
005
|
20060227094519.35
|
|
010
|
|
@a7-5621-0104-3@dCNY1.12
|
|
100
|
|
@a20060227d1988 km y0chiy0120 ea
|
|
101
|
0
|
@achi
|
|
102
|
|
@aCN
|
|
200
|
1
|
@a生物趣闻@Asheng wu qu wen@e鸟类@f詹惠民编@Fzhan hui min bian
|
|
210
|
|
@a重庆@c西南师范大学出版社@d1988.01
|
|
215
|
|
@a184页@d19cm
|
|
517
|
1
|
@a鸟类@Aniao lei
|
|
606
|
0
|
@a动物学
|
|
690
|
|
@aQ95@v4
|
|
701
|
0
|
@a詹惠民@Azhan hui min@4编
|
|
801
|
0
|
@aCN@bNISOFT@c20060227
|
|
905
|
|
@a10447@dQ95@e24
|
|
|
|
|
| |
| 生物趣闻:鸟类/詹惠民编.-重庆:西南师范大学出版社,1988.01 |
| 184页;19cm |
| |
| |
| ISBN 7-5621-0104-3:CNY1.12 |
| |
| ● |
正题名:生物趣闻
索取号:Q95/24
 
预约/预借
| 序号
|
登录号
|
条形码
|
馆藏地/架位号
|
状态
|
备注
|
|
1
|
36345
|
200363454
|
海科密-1楼/49架7列5层/
[索取号:Q95/24]
|
在馆
|
|
|
2
|
36346
|
200363463
|
海科密-1楼/49架7列6层/
[索取号:Q95/24]
|
在馆
|
|